000 01123cam a2200277 a 4500
999 _c6263
_d6263
001 16735443
003 OSt
005 20190911104039.0
008 110414s2011 sp 000 0 eng
010 _a 2011393330
020 _a9788499235462
040 _aDLC
_cDLC
_dDLC
041 1 _aeng
_hspa
050 0 0 _aBS2555.53
_b.G6613 2011
100 1 _aGonzález Fernández, Enrique,
_d1962-
240 1 0 _aBelleza de Cristo.
_lEnglish
245 1 4 _aThe beauty of Christ :
_ban introduction to the theology of hans urs von Balthasar
_cEnrique González Fernández ; prologue by Julián Marías ; translated from the Spanish by Harold C. Raley.
250 _a1. ed.
260 _a[Madrid] :
_bCultiva,
_c2011.
300 _a277 p. ;
_c24 cm.
490 0 _aColección Autor ;
_v119
600 0 0 _aMary,
_cBlessed Virgin, Saint
630 0 0 _aBible.
_pGospels.
856 4 2 _3Publisher description
_uhttp://www.loc.gov/catdir/enhancements/fy1407/2011393330-d.html
906 _a7
_bcbc
_corignew
_d3
_encip
_f20
_gy-gencatlg
942 _2lcc
_cOS
_hBS2555.53